LIBRARY & INFORMATION CENTRE, KCAET, TAVANUR

ONLINE PUBLIC ACCESS CATALOGUE (OPAC)

Unnuneeli sandesham / (Record no. 4650)

MARC details
000 -LEADER
fixed length control field 00475cam a2200181ua 4500
041 ## - LANGUAGE CODE
Language code of text/sound track or separate title mal
082 ## - DEWEY DECIMAL CLASSIFICATION NUMBER
Classification number 894.8121
Item number KUN/UN
100 ## - MAIN ENTRY--AUTHOR NAME
Personal name Kunjan Pillai, Elamkulam .
245 ## - TITLE STATEMENT
Title Unnuneeli sandesham /
250 ## - EDITION STATEMENT
Edition statement 5 /
260 ## - PUBLICATION, DISTRIBUTION, ETC. (IMPRINT)
Place of publication Kottayam :
Name of publisher Sahitya Pravarthaka Co-operative Society ,
Year of publication 1964.
300 ## - PHYSICAL DESCRIPTION
Number of Pages 167 ; .
942 ## - ADDED ENTRY ELEMENTS (KOHA)
Koha item type Books
Holdings
Withdrawn status Lost status Damaged status Home library Current library Date acquired Full call number Accession Number Koha item type
Withdrawn     KAUAET Malayalam University 07/04/2012 894.8121 83 Books
free website counter